000 00283nam a22001217a 4500
008 170712b xxu||||| |||| 00| 0 eng d
041 _aeng
080 _26 ED
_a05
100 _a23
101 _aENC
245 _aENCYCLOPEDIA OF SCIENCE TECHNOLOGY
_cMCGGRAW.H
942 _2udc
_cBK
999 _c20248
_d20248